000 00819nam2a22002411 4500
001 RU\NLR\INFOCOMM17\ROSSICA\1000299561
005 20250613193357.0
035 _a(NLR Aleph) 009971287
090 _a9648638
_c9648638
100 _a20030910d1889 |||y0rusy50 ca
101 0 _ager
102 _aRU
105 _ay ||||000ay
200 1 _aUebersicht der russischen Sapyga-Arten
210 _d1889
_aБ. м.
461 0 _1001RU\NLR\INFOCOMM17\ROSSICA\1000299560
_12001#$aHymenopterologische Mittheilungen$fMorawitz, F.$vI
_1700#1$aMorawitz$bF.$gFerd.$4070
_99648634
_aMorawitz, F.
_cSt.Petersburg
_d1889
_fMorawitz, F.
_tHymenopterologische Mittheilungen
_vI
801 1 _aRU
_bInfoComm
_c20030910
801 0 _aRU
_bNLR
_gPSBO
852 _aNLR
_j12.53.8.989
942 _cBOOK
980 _aNB
980 _aRossica